<Les> Aspects choisis du management des entreprises franco-slovaques

Enregistré dans:
Détails bibliographiques
Auteur principal: Kita, Jaroslav
Format: Chapitre de livre
Langue:français
Tags: Ajouter un tag
Pas de tags, Soyez le premier à ajouter un tag!

MARC

LEADER 00000naa$a2200000$$$4500
001 0147582
005 20240502072650.5
041 0 |a fre 
044 |a SK 
245 1 0 |a <Les> Aspects choisis du management des entreprises franco-slovaques  |c Jaroslav Kita 
100 1 |a Kita, Jaroslav